• 首页
  • 本馆介绍
  • 公告通知
  • 最新文献
  • 馆藏检索
  • 电子资源
  • 读者导购
  • 参考咨询
  • 我的图书馆
  • 登录
  • 详细信息显示
  • 放入我的书架
  • 预约/预借图书
  • 作者相关作品
  • 分类相关作品
  • 丛书相关作品
  • 出版社相关作品

书目信息

  • 表格格式
  • 工作单格式
  • 卡片格式
题名:
国际营销
    
 
作者: 凯特奥拉 , 吉利 , 格雷厄姆 著 ;崔新健 改编
分册:  
出版信息: 北京   中国人民大学出版社  2009
页数: 397页
开本: 28cm
丛书名:
单 册:
中图分类: F740.2
科图分类:
主题词: 国际市场--市场营销学--高等学校--教材--英文 , 国际市场 , 市场营销学
电子资源:
ISBN: 978-7-300-10656-4
000 01604nam0 2200337 45
001 1050940968
005 20100415170513.84
010    @a978-7-300-10656-4@dCNY42.00
100    @a20100409e2009 em y0chiy50 ea
101 0  @aeng@gchi
102    @aCN@b110000
105    @aa z 000yy
106    @ar
200 1  @a国际营销@AGuo Ji Ying Xiao@dInternational marketing@f(美)菲利普·R. 凯特奥拉(Philip R. Cateora),(美)玛丽·C. 吉利(Mary C. Gilly),(美)约翰·L. 格雷厄姆(John L. Graham)著@F( Mei ) Fei Li Pu· R. Kai Te Ao La (Philip R. Cateora),( Mei ) Ma Li· C. Ji Li (Mary C. Gilly),( Mei ) Yue Han· L. Ge Lei E Mu (John L. Graham) Zhu@g崔新健改编@zeng
210    @a北京@c中国人民大学出版社@d2009
215    @a397页@c图@d28cm
300    @a工商管理经典教材· 国际化管理系列
305    @a据原书第14版译出
306    @a中国人民大学出版社和美国麦格劳-希尔教育出版(亚洲)公司合作出版
330    @a本书突出了营销环境尤其是文化因素对国际营销的影响,并阐述了普遍适用于大多数国家或地区的国际营销分析框架,还强调21世纪国际营销面临的新课题,包括竞争、大型新兴市场、企业社会责任、绿色营销、营销渠道结构演变、文化差异等。
510 1  @aInternational marketing@zeng
606 0  @a国际市场@x市场营销学@x高等学校@j教材@j英文
606 0  @a国际市场
606 0  @a市场营销学
690    @aF740.2@v4
701  1 @a凯特奥拉@AKai Te Ao La@g(Cateora, P. R.)@4著
701  1 @a吉利@AJi Li@g(女,Gilly, Mary C.)@4著
701  1 @a格雷厄姆@AGe Lei E Mu@g(Graham, John L. )@4著
702  0 @a崔新健@ACui Xin Jian@f(1962.4~)@4改编
801  0 @aCN@bTANGWEI@c20100415
905    @b0591972-76@dF740.2@e118@f5
    
    国际营销=International marketing/(美)菲利普·R. 凯特奥拉(Philip R. Cateora),(美)玛丽·C. 吉利(Mary C. Gilly),(美)约翰·L. 格雷厄姆(John L. Graham)著/崔新健改编.-北京:中国人民大学出版社,2009
    397页:图;28cm
    工商管理经典教材· 国际化管理系列
    
    ISBN 978-7-300-10656-4:CNY42.00
    本书突出了营销环境尤其是文化因素对国际营销的影响,并阐述了普遍适用于大多数国家或地区的国际营销分析框架,还强调21世纪国际营销面临的新课题,包括竞争、大型新兴市场、企业社会责任、绿色营销、营销渠道结构演变、文化差异等。
●
相关链接 在E读中查询图书 在五车中查询图书 在当当中查询图书 在豆瓣中查询图书


正题名:国际营销     索取号:F740.2/118         预约/预借

序号 登录号 条形码 馆藏地/架位号 状态 备注
1 0591972   205919728   第一样本阅览室/ [索取号:F740.2/118] 在馆    
2 0591973   205919737   第一借阅区/ [索取号:F740.2/118] 在馆    
3 0591974   205919746   第一借阅区/ [索取号:F740.2/118] 在馆    
4 0591975   205919755   第一借阅区/ [索取号:F740.2/118] 在馆    
5 0591976   205919764   第一借阅区/ [索取号:F740.2/118] 在馆    
欢迎您!
大连网信软件有限公司© 版权所有